| 000 | 00450nam a2200181Ia 4500 | ||
|---|---|---|---|
| 005 | 20240823044513.0 | ||
| 008 | 240823s9999||||xx |||||||||||||| ||und|| | ||
| 041 | _aENGLISH | ||
| 082 | _A658.403 8011 M6 | ||
| 100 | _a"Lucas,Henry C" | ||
| 245 | 0 | _aInformation Systems Concepts for Management | |
| 250 | _a3rd | ||
| 260 |
_c1986 _b"MGH,New York" |
||
| 500 | _aYES | ||
| 650 |
_aManagement _bManagement Studies |
||
| 942 | _cBK | ||
| 999 |
_c212743 _d212743 |
||